[Event "BCF-chT4S 1617 (4NCL)"]
[Site "England"]
[Date "2017.02.12"]
[Round "6.91"]
[White "Bin Suhayl, Ieysaa"]
[Black "Vallis, Luke"]
[Result "1-0"]
[WhiteElo "2020"]
[BlackElo "1960"]
[PlyCount "97"]
[EventDate "2016.11.26"]
[EventType "team-swiss"]
[EventRounds "11"]
[EventCountry "ENG"]
[SourceTitle "EXT 2019"]
[Source "ChessBase"]
[SourceDate "2018.10.10"]
[SourceVersion "1"]
[SourceVersionDate "2018.10.10"]
[SourceQuality "1"]
[WhiteTeam "Anglian Avengers III"]
[BlackTeam "Sandhurst Cadets"]
[WhiteTeamCountry "ENG"]
[BlackTeamCountry "ENG"]

1. d4 Nf6 2. c4 g6 3. Nc3 Bg7 4. g3 d6 5. Nf3 0-0 6. Bg2 Nc6 7. 0-0 e5 8. dxe5 dxe5 9. Ng5 Nd4 10. e3 Ne6 11. Nxe6 Bxe6 12. Bxb7 Bxc4 13. Bxa8 Bxf1 14. Qxd8 Rxd8 15. Kxf1 Rxa8 16. b3 a6 17. Bb2 Bf8 18. Ke2 Rd8 19. Rc1 Bd6 20. f3 Re8 21. e4 Kf8 22. g4 h6 23. h4 g5 24. h5 Rb8 25. Nd1 Ng8 26. Ne3 Ne7 27. Nc4 f6 28. Nxd6 cxd6 29. Rc7 Rc8 30. Rxc8+ Nxc8 31. Kd3 Ke8 32. Kc4 Ne7 33. a4 Kd7 34. Bc1 Nc6 35. Be3 Na5+ 36. Kc3 Kc6 37. b4 Nb7 38. Kc4 Kd7 39. b5 a5 40. Kd5 Nd8 41. b6 Nc6 42. Bd2 Ne7+ 43. Kc4 Nc6 44. Kb5 Nd4+ 45. Ka6 Kc8 46. Ka7 Nc6+ 47. Ka8 Nd8 48. Bxa5 Nb7 49. Bb4 1-0